Краткая выписка о произведенном И.Т. Спаским обследовании Дерптского университета

Доступно только в Электронных читальных залах Найти на картеНа карте
RUSMARC
00004099nmc2a2200000 x 450
0015ed6edfc-2a66-47fe-86cc-0cf397ee0c5f
00520170414162832.0
100##$a20140617l18471847k l0rusy0189 ca
1010#$arus
102##$aRU
2001#$aКраткая выписка о произведенном И.Т. Спаским обследовании Дерптского университета
$j24 октября 1847 г.
251##$cДело
300##$aДело
300##$aОриг. заголовок дела: Дело об обозрении доктором Спасским некоторых принадлежностей Дерптского университета. 24 октября 1847 г
801#0$aRU
$bРГИА
$c20140617
$gRCR
801#1$aRU
$bГлавНИВЦ
$c20140617
$2rusmarc
801#2$aRU
$bПБ им. Б.Н. Ельцина
$c20170414
$gRCR
$2rusmarc
850##$aРГИА
852##$aРГИА
$eФедеральное казенное учреждение "Российский государственный исторический архив" (РГИА)
$j289
937##$hРГИА
$d11170328
$aASBIBLIO_SCAN
462#0$1001fe4edb2a-8658-4269-9710-afcb460e1db3
$12001
$aДела Департамента народного просвещения по Дерптскому учебному округу за 1837-1862 гг.
$1251
$cОпись
$1852
$j57
461#0$1001a74412a3-3cc5-4d21-8f0a-dfe2fbd9e72d
$12001
$aДепартамент народного просвещения Министерства народного просвещения (1803-1917)
$1251
$cФонд
$1852
$j733
215##$a7 л.
$d36,5х26 см
371##$aДокумент не является опубликованным и широко распространяемым
105##$ay###
1220#$ad
5171#$aДело об обозрении доктором Спасским некоторых принадлежностей Дерптского университета. 24 октября 1847 г
035##$a5ed6edfc-2a66-47fe-86cc-0cf397ee0c5f
856##$uhttp://readingroom.main.prlib.ru/item.aspx?id_node=n96985847&mode=full
Формат отображения